1,3-Butadiene / (Record no. 15251)

000 -LEADER
fixed length control field 00519cam a22001934a 4500
020 ## - INTERNATIONAL STANDARD BOOK NUMBER
ISBN 0662290143
040 ## - CATALOGING SOURCE
Transcribing agency DLC
082 00 - DEWEY DECIMAL CLASSIFICATION NUMBER
Classification number 615 HEA 2000 A054 Or.
245 00 - TITLE STATEMENT
Title 1,3-Butadiene /
246 30 - VARYING FORM OF TITLE
Title proper/short title Butadiene
260 ## - PUBLICATION, DISTRIBUTION, ETC. (IMPRINT)
Place of publication [Ottawa] :
Name of publisher Environment Canada :
-- Health Canada,
Year of publication [2000].
300 ## - PHYSICAL DESCRIPTION
Number of Pages viii, 104 p. :
Other physical details ill. ;
Dimensions 28 cm.
500 ## - GENERAL NOTE
General note "May 2000."
500 ## - GENERAL NOTE
General note At head of title: Canadian Environmental Protection Act, 1999.
650 #0 - SUBJECT ADDED ENTRY--TOPICAL TERM
Topical Term Butadiene
710 1# - ADDED ENTRY--CORPORATE NAME
Corporate name or jurisdiction name as entry element Canada.
710 1# - ADDED ENTRY--CORPORATE NAME
Corporate name or jurisdiction name as entry element Canada.
942 ## - ADDED ENTRY ELEMENTS (KOHA)
Koha item type សៀវភៅភាសាអង់គ្លេស
952 ## - LOCATION AND ITEM INFORMATION (KOHA)
Withdrawn status [LOCAL, KOHA] 0
Holdings
Permanent Location Date acquired Koha item type Lost status Shelving location Barcode Current Location Full call number
Library Block A2017-11-14សៀវភៅភាសាអង់គ្លេស A054A06320Library Block A615 HEA 2000 A054 Or.
មជ្ឈមណ្ឌលឯការនៃសាកលវិទ្យាល័យភូមិន្ទកសិកម្មចំការដូង

Powered by Koha